Logo Biblioteca

La casa y el ladrillo / (Registro nro. 48)

Detalles MARC
000 -LEADER
fixed length control field 00823nam a22002057a 4500
003 - CONTROL NUMBER IDENTIFIER
control field OSt
005 - DATE AND TIME OF LATEST TRANSACTION
control field 20250403100647.0
008 - FIXED-LENGTH DATA ELEMENTS--GENERAL INFORMATION
fixed length control field 230829s1998 ag ||||| |||| 00| p spa d
020 ## - INTERNATIONAL STANDARD BOOK NUMBER
International Standard Book Number 9500359138
040 ## - CATALOGING SOURCE
Language of cataloging spa
Transcribing agency besoc
100 1# - MAIN ENTRY--PERSONAL NAME
Personal name Benedetti, Mario
Dates associated with a name 1920-2009
Relator term autor
245 13 - TITLE STATEMENT
Title La casa y el ladrillo /
Statement of responsibility, etc. Mario Benedetti
250 ## - EDITION STATEMENT
Edition statement 1a ed.
260 ## - PUBLICATION, DISTRIBUTION, ETC.
Place of publication, distribution, etc. Buenos Aires :
Name of publisher, distributor, etc. Losada,
Date of publication, distribution, etc. 1998
300 ## - PHYSICAL DESCRIPTION
Extent 174 p.
490 ## - SERIES STATEMENT
Materials specified Poetas hispanoamericanos de ayer y de hoy / Ernesto Sábato
505 1# - FORMATTED CONTENTS NOTE
Formatted contents note La casa y el ladrillo -- Otra noción de patria -- Curados de espanto y sin embrago -- Zelmar -- Teoría y práctica -- Ciudad en que no existo -- Bodas de perlas -- Hombre de mala voluntad -- Los espejos las sombras -- Croquis para algún día.-
650 #4 - SUBJECT ADDED ENTRY--TOPICAL TERM
Topical term or geographic name entry element Literatura uruguaya
Form subdivision Poesía
Chronological subdivision Siglo XX
942 ## - ADDED ENTRY ELEMENTS (KOHA)
Source of classification or shelving scheme Universal Decimal Classification
Koha item type Libro de préstamo a domicilio
Suppress in OPAC No
Existencias
Withdrawn status Lost status Source of classification or shelving scheme Damaged status Not for loan Collection Home library Current library Date acquired Total checkouts Full call number Barcode Date last seen Price effective from Koha item type
    Universal Decimal Classification     Colección General Biblioteca Escuela de Ciencias Sociales Biblioteca Escuela de Ciencias Sociales 29/08/2023   82-1(899) B462 000828 29/08/2023 29/08/2023 Obra General
Biblioteca de la Escuela Preuniversitaria en Ciencias Sociales y Humanísticas.
Riobamba 250 bis.
CP 2000 - Rosario - Santa Fe
E-Mail: biblioteca@esociales.unr.edu.ar